Central Library OPAC University of Rajshahi

Statistical Investigation on Lung Capacity Status of the Students of Rajshahi University / (Record no. 75956)

MARC details
000 -LEADER
fixed length control field 00963nam a2200241 a 4500
001 - CONTROL NUMBER
control field 75956
003 - CONTROL NUMBER IDENTIFIER
rucl marc code BD-RjUL
005 - DATE AND TIME OF LATEST TRANSACTION
control field 20211209082752.0
008 - FIXED-LENGTH DATA ELEMENTS--GENERAL INFORMATION
fixed length control field 190924s2018 bg a|||| bm|| 00| 0 eng d
035 ## - SYSTEM CONTROL NUMBER
System control number (BD-RjUL)76175
040 ## - CATALOGING SOURCE
Original cataloging agency BD-RjUL
Language of cataloging eng
Transcribing agency BD-RjUL
Modifying agency BD-RjUL
041 ## - LANGUAGE CODE
Language code of text/sound track or separate title eng
082 ## - DEWEY DECIMAL CLASSIFICATION NUMBER
Classification number 616.24075
Edition number 23
Author mark and year ALS 2018
100 1# - MAIN ENTRY--PERSONAL NAME
Personal name Ali, Mohammad Zulficar
9 (RLIN) 233131
245 10 - TITLE STATEMENT
Title Statistical Investigation on Lung Capacity Status of the Students of Rajshahi University /
Statement of responsibility, etc. Submitted by Mohammad Zulficar Ali ;
Linkage Supervisor: Md. Ayub Ali
260 ## - PUBLICATION, DISTRIBUTION, ETC. (IMPRINT)
Place of publication, distribution, etc. Rajshahi :
Name of publisher, distributor, etc. Depatrment of Statistics, University of Rajshahi,
Date of publication, distribution, etc. 2018
300 ## - PHYSICAL DESCRIPTION
Pagination xix, 206 leaves :
Illustrations Ill. ;
Size 29 cm.
502 ## - DISSERTATION NOTE
Dissertation note Thesis (Ph. D.) -- Depatrment of Statistics, University of Rajshahi, 2018
504 ## - BIBLIOGRAPHY, ETC. NOTE
Bibliography, etc Bibliograhy: Leaves [157]-169
650 ## - SUBJECT ADDED ENTRY--TOPICAL TERM
Topical term or geographic name as entry element Lungs
General subdivision Diseases
-- Diagnosis
Geographic subdivision Bangladesh
-- Rajshahi University
9 (RLIN) 233133
700 ## - ADDED ENTRY--PERSONAL NAME
Personal name Ali, Md. Ayub, Supervisor
942 ## - ADDED ENTRY ELEMENTS (KOHA)
Source of classification or shelving scheme Dewey Decimal Classification
Koha item type Theses
Holdings
Lost status Source of classification or shelving scheme Damaged status Not for loan Collection code Permanent Location Current Location Shelving location Date acquired Source of acquisition Total Checkouts Full call number Date last seen Copy number Koha item type
  Dewey Decimal Classification   Not For Loan Theses Central Library, University of Rajshahi Central Library, University of Rajshahi Documentation Section 30/04/2019 Controller of Examination Office, R. U.   THE 616.24075 ALS 2018 24/09/2019 C-1 Theses